000 00513nam a22001337a 4500
082 _a823
_bCOO/T
100 _aCOOK, ROBIN
245 _aTOXIN
260 _aLONDON
_bPAN BOOKS
_c2001
300 _a436
520 _aToxin is a 1998 suspense thriller written by Robin Cook. It tells the story of a doctor whose daughter is infected with E. coli and his investigation into how she contracted it and his battle to save her life and discover the source of her illness.
650 _aNOVEL, ENGLISH
_zLONDON
942 _cBK
999 _c2359
_d2359